| 000 | 00348nam a22001337a 4500 | ||
|---|---|---|---|
| 008 | 230619b xxu||||| |||| 00| 0 eng d | ||
| 020 | _a0195211189 | ||
| 082 |
_a001 _bWOB |
||
| 110 | _bWorld Bank | ||
| 245 |
_aWorld development report _bKnowledge for development |
||
| 260 |
_boxford university press _c1998/99 |
||
| 300 | _a1315p | ||
| 942 |
_2ddc _cBK |
||
| 999 |
_c1230 _d1230 |
||